An Updated Account of Horror Movies I've Watched - Statistics

General Stats
  • This quiz has been taken 42 times
  • The average score is 10 of 15
Answer Stats
Picture Answer % Correct
Jaws
97%
Alien
90%
Scary Movie
90%
Scream
86%
Five Nights at Freddy's
83%
Psycho
83%
Terrifier
83%
The Shining
83%
The Thing
69%
Final Destination
66%
Se7en
66%
Predator
62%
Aliens
45%
Friday the 13th the Final Chapter
24%
The Cabinet of Dr. Caligari
17%
No matching quizzes found
Score Distribution
Percent of People with Each Score
Percentile by Number Answered
Your Score History
You have not taken this quiz